000 00444nam a22001457a 4500
020 _a096404921X
082 _a920 ANW
100 _aAnwar, Dil
245 _aScience, Education and Development: Life and work of M. Raziuddin Siddiqi
260 _aIslamabad
_bIntercultural Forum
_c2002
300 _a560p.
_bill:
500 _aIncludes index.
650 _aScience, Education and Development: Life and work of M. Raziuddin Siddiqi
942 _cBK
999 _c13217
_d13217